00559 a2200157 4500003000500000005001700005020001600022040000900038082001400047100002300061245009600084260004700180300001000227505013100237538003300368Nust20170207154121.0 a 0195142519 cNust a621.38132 aJamal, Habibullah  a Microelectronic circuits / DesignFabrication and Applications c Prof Dr habibullah Jamal  aNew York bOxford University Press,c2004. a139p; aIntegrated Circuit Chip (Page-12) Models for IC Devices (Page-51) Analog Circuits (Page-95) Operational Amplifiers (Page-151)  a Almirah No. 126 Shelf No. 5